000 00390nam a22001457a 4500
003 OSt
005 20160511094457.0
008 160511b xxu||||| |||| 00| 0 eng d
020 _a0135381827
040 _cN/A
100 _aPamela Jeanne Annas at al
245 _aLiterature and society
_bFiction Poetry ,drama nonfiction
260 _aNew Jersey
_bPrentice Hall
_c1990
942 _2lcc
_cBK
999 _c253486
_d253485